000 00874nam a2200241Ia 4500
001 3171
003 GE_BSU
008 181216s||||||||xx |||||||||||||| ||und||
020 _a528017598
040 _cGE_BSU
080 _a339.1
100 _aЧемберлин,Э
245 _aТеория монополистической конкуренции
245 _bРеориентация теория стоимости. The Theory Of Monopolistic Competetion
245 _cпер. с англ. Э. Г. Лейкина и Л. Я. Розовского. под. ред. О. Ю. ольсевича, ред З. А. басырова
260 _aМосква
260 _bЭкономика
260 _c1996
300 _a351 с. 21 см
541 _h5 л. 60 т.
653 _aТеория монополистической конкуренции
942 _cBK
999 _c37214
_d37214